000
00283nam a2200097Ia 4500
008
241105s9999 xx 000 0 und d
041
_a
eng
100
_a
Kale Aloka.
_9
183850
245
_a
Reinventing Transit Experience At Baiyyappanahalli Bengaluru India.
260
_b
BNCA, Pune
_c
2019
999
_c
361828
_d
361828